| 000 | 00579nam a2200181 4500 | ||
|---|---|---|---|
| 005 | 20260409145935.0 | ||
| 008 | 260409b |||||||| |||| 00| 0 eng d | ||
| 020 |
_a9789362149114 _cRs. 849.00 |
||
| 040 | _aMAIN | ||
| 082 |
_a181.4 _bD26H |
||
| 100 | _aDasgupta, S N | ||
| 245 | _aHistory of Indian philosophy: The shankara school of vedanta, the yoga-vasistha, the ayurveda and atharva-veda, the bhagavad gita, V2 | ||
| 260 |
_aDelhi _bFingerprint Classics Prakash Books _c2026 |
||
| 300 | _axiv, 714 | ||
| 650 | _aPhilosophy | ||
| 650 | _aIndian Philosophy | ||
| 942 | _cBK | ||
| 999 |
_c397311 _d397311 |
||